Madrid de los Austrias / (Record no. 13205)

MARC details
000 -LEADER
campo de control de longitud fija 01063nam a22003015i 4500
001 - NÚMERO DE CONTROL
campo de control 13205
003 - IDENTIFICADOR DE NÚMERO DE CONTROL
campo de control ES-MaACL
005 - FECHA Y HORA DE LA ÚLTIMA TRANSACCIÓN
campo de control 20250828080134.0
007 - CAMPO FIJO DE DESCRIPCIÓN FÍSICA--INFORMACIÓN GENERAL
campo de control de longitud fija t|
008 - DATOS DE LONGITUD FIJA--INFORMACIÓN GENERAL
campo de control de longitud fija 910924s1991 sp ||||0| spa j
020 ## - NÚMERO INTERNACIONAL ESTÁNDAR DEL LIBRO
Número Internacional Estándar del Libro 84-87290-03-5
ISBN cancelado o inválido ISBN (INVALIDADO) 84-87290-03-05
040 ## - FUENTE DE CATALOGACIÓN
Centro catalogador/agencia de origen M-BN
Lengua de catalogación spa
Centro/agencia transcriptor M-BN
080 ## - NÚMERO DE LA CLASIFICACIÓN DECIMAL UNIVERSAL
Número de la Clasificación Decimal Universal 908(464.1 M.)"16"
100 1# - ENTRADA PRINCIPAL--NOMBRE DE PERSONA
Nombre de persona Hidalgo Monteagudo, Ramón.
9 (RLIN) 63596
245 10 - MENCIÓN DEL TÍTULO
Título Madrid de los Austrias /
Mención de responsabilidad, etc. Grupo Ciudad y Educación, Ramón Hidalgo Monteagudo, Rosalía Ramos Guarido, Fidel Revilla González.
250 ## - MENCION DE EDICION
Mención de edición 2ª ed.
260 ## - PUBLICACIÓN, DISTRIBUCIÓN, ETC.
Lugar de publicación, distribución, etc. Madrid :
Nombre del editor, distribuidor, etc. La Librería,
Fecha de publicación, distribución, etc. 1991 (
Fecha de fabricación/manufactura imp. 1989)
300 ## - DESCRIPCIÓN FÍSICA
Extensión 79 p :
Otras características físicas il ;
Dimensiones 22 cm.
490 1# - MENCIÓN DE SERIE
Mención de serie Recorridos didácticos por Madrid
504 ## - NOTA DE BIBLIOGRAFÍA, ETC.
Nota de bibliografía, etc. Bibliografía: p. 77-78.
651 #4 - PUNTO DE ACCESO ADICIONAL DE MATERIA--NOMBRE GEOGRÁFICO
Nombre geográfico Madrid-
Subdivisión general Descripción-
Subdivisión cronológica S.XVII.
9 (RLIN) 8956
700 1# - ENTRADA AGREGADA--NOMBRE PERSONAL
Nombre de persona Ramos Guarido, Rosalía.
9 (RLIN) 95322
700 1# - ENTRADA AGREGADA--NOMBRE PERSONAL
Nombre de persona Revilla, Fidel.
9 (RLIN) 96430
710 2# - ENTRADA AGREGADA--NOMBRE DE ENTIDAD CORPORATIVA
Nombre de entidad corporativa o nombre de jurisdicción como elemento de entrada Grupo Ciudad y Educación
9 (RLIN) 4505
830 0# - PUNTO DE ACCESO ADICIONAL DE SERIE-TÍTULO UNIFORME
Título uniforme Recorridos didácticos por Madrid
9 (RLIN) 179420
852 ## - LOCALIZACIÓN
Ubicación ES-MaACL
Número de control de estantería L-20508
Sublocalización o colección R.123733
Holdings
Estatus retirado Estado de pérdida Estado de daño No para préstamo Biblioteca de origen Biblioteca actual Ubicación en estantería Fecha de adquisición Fuente de adquisición Total de préstamos Signatura topográfica completa Código de barras Visto por última vez Precio de reemplazo Tipo de ítem Koha
        Biblioteca del Ateneo de Madrid Biblioteca del Ateneo de Madrid Depósito 2 17/01/2008     L-20508 1013447 23/02/2023 23/02/2023 Libro impreso